Caña brava

Sábháilte in:
Sonraí bibleagrafaíochta
Príomhchruthaitheoir: Dobles Segreda, Luis 1891-1957
Formáid: LEABHAR
Teanga:Spanish
Foilsithe / Cruthaithe: San José, Costa Rica Editorial Costa Rica 1969
Ábhair:
Clibeanna: Cuir clib leis
Níl clibeanna ann, Bí ar an gcéad duine le clib a chur leis an taifead seo!

MARC

LEADER 00000nam a22000007a 4500
008 140130s1969 cr |||f |||| 000 1 spa d
020 |a 997723468X 
040 |a cru CIICLA Universidad de Costa Rica 
082 |a CR863.4  |b D6337c 
100 1 |a Dobles Segreda, Luis  |d 1891-1957  
245 1 0 |a Caña brava  |c Luis Dobles Segreda 
260 |a San José, Costa Rica  |b Editorial Costa Rica  |c 1969 
300 |a 100 páginas 
500 |a Reimpresiones: 1990 
650 7 |9 76  |a LITERATURA COSTARRICENSE  |v CUENTOS 
942 |2 ddc  |c BK 
999 |c 3174  |d 3174